LEADER 01328nam a2200289 i 4500 001 000000366619 003 CaOOAMICUS 005 20260226114536.0 008 260226s2026 fr u100 u fre u 020 $a978-2-204-16661-4 040 $aSeMil$bita 245 00$aLittérature et pensée scolastique en France (13.-15. siècle) /$cétudes réunies par Valérie Fasseur et Jean-René Valette. 264 1$aParis :$bBeauchesne,$c2026. 300 $a601 p. ;$c22 cm 490 1 $aThéologie historique ;$v143 500 $aAtti del convgno, Paris, 18-20 novembre 2021 650 04$aScolastica.$0(OLS)http://semarc/subject/210 650 4$aLetteratura medievale - Francia - Sec. 13.-15.$0(OLS)http://semarc/subject/59634 700 1 $aValette, Jean-René.$0(OLS)http://semarc/name/123838 700 1 $aFasseur, Valérie.$0(OLS)http://semarc/name/123837 830 0$aThéologie historique ;$v143.$0(OLS)http://semarc/title/80 850 $aSeMil 852 $aSeMil$W1$xVenegono$y1$m2UA A 143$j267745$B257397$CSeMilBibl$Z2$F257397 $81 996 $6020$a978-2-204-16661-4$9(OLS)http://semarc/number/305410 996 $6245$aLittérature et pensée scolastique en France (13.-15. siècle)$9(OLS)http://semarc/title/458376 996 $6264$aParis :$bBeauchesne$9(OLS)http://semarc/publisher/29638